<?xml version="1.0" encoding="UTF-8"?>
<record
    xmlns:xsi="http://www.w3.org/2001/XMLSchema-instance"
    xsi:schemaLocation="http://www.loc.gov/MARC21/slim http://www.loc.gov/standards/marcxml/schema/MARC21slim.xsd"
    xmlns="http://www.loc.gov/MARC21/slim">

  <leader>02300cam a22004454i 4500</leader>
  <controlfield tag="003">PE-LiUPU</controlfield>
  <controlfield tag="005">20250731165404.0</controlfield>
  <controlfield tag="008">151002s2014    pe a   grm    000 0 spa d</controlfield>
  <datafield tag="035" ind1=" " ind2=" ">
    <subfield code="a">(Sirsi) a154754</subfield>
  </datafield>
  <datafield tag="040" ind1=" " ind2=" ">
    <subfield code="a">PE-LiUPU</subfield>
    <subfield code="b">spa</subfield>
    <subfield code="c">PE-LiUPU</subfield>
    <subfield code="e">rda</subfield>
  </datafield>
  <datafield tag="099" ind1=" " ind2=" ">
    <subfield code="a">TIS 3</subfield>
    <subfield code="b">S91 2014</subfield>
  </datafield>
  <datafield tag="100" ind1="1" ind2=" ">
    <subfield code="a">Sull&#xF3;n Macalup&#xFA;, Abel &#xC1;ngel</subfield>
    <subfield code="e">autor</subfield>
  </datafield>
  <datafield tag="245" ind1="1" ind2="3">
    <subfield code="a">Un modelo para el desarrollo de aplicaciones web seguras /</subfield>
    <subfield code="c">Abel &#xC1;ngel Sull&#xF3;n Macalup&#xFA;.</subfield>
  </datafield>
  <datafield tag="264" ind1=" " ind2="0">
    <subfield code="c">2014.</subfield>
  </datafield>
  <datafield tag="300" ind1=" " ind2=" ">
    <subfield code="a">199 hojas : </subfield>
    <subfield code="b">ilustraciones;</subfield>
    <subfield code="c">30 cm</subfield>
  </datafield>
  <datafield tag="336" ind1=" " ind2=" ">
    <subfield code="a">text</subfield>
    <subfield code="2">rdacontent</subfield>
  </datafield>
  <datafield tag="337" ind1=" " ind2=" ">
    <subfield code="a">unmediated</subfield>
    <subfield code="2">rdamedia</subfield>
  </datafield>
  <datafield tag="338" ind1=" " ind2=" ">
    <subfield code="a">volume</subfield>
    <subfield code="2">rdacarrier</subfield>
  </datafield>
  <datafield tag="502" ind1=" " ind2=" ">
    <subfield code="a">Tesis</subfield>
    <subfield code="b">(Mg.) -- </subfield>
    <subfield code="c">Universidad Peruana Uni&#xF3;n,</subfield>
    <subfield code="d">2014.</subfield>
  </datafield>
  <datafield tag="504" ind1=" " ind2=" ">
    <subfield code="a">Incluye referencias</subfield>
  </datafield>
  <datafield tag="520" ind1="3" ind2=" ">
    <subfield code="a">El prop&#xF3;sito de esta investigaci&#xF3;n es obtener un modelo pr&#xE1;ctico para el desarrollo de aplicaciones web seguras y en el menor tiempo, basados en los procesos del SS-CMM/</subfield>
    <subfield code="I">SO 21827, las caracter&#xED;sticas de seguridad web de la OWASP 2013 y experiencias vividas personalmente en el &#xE1;mbito de la seguridad web. El modelo propuesto se basa en cuatro principios y cuatro pr&#xE1;cticas de seguridad como son: la implementaci&#xF3;n preliminar de los componentes de seguridad para cada vulnerabilidad m&#xE1;s recurrentes en aplicaciones web, el an&#xE1;lisis de riesgos de seguridad en torno al negocio, la implementaci&#xF3;n y pruebas de los componentes de seguridad para recurrentes o nuevas vulnerabilidades y, la demostraci&#xF3;n y validaci&#xF3;n de la seguridad. El modelo propuesto fue refinado y validado mediante la aplicaci&#xF3;n en el Proyecto QUALPACA patrocinado por CONCYTEC y la UpeU, mitigando las vulnerabilidades al 92.30% con una velocidad de 20 puntos mensual y una cobertura del estilo de codificaci&#xF3;n de un 90%.</subfield>
  </datafield>
  <datafield tag="526" ind1=" " ind2=" ">
    <subfield code="a">SEG44</subfield>
  </datafield>
  <datafield tag="526" ind1=" " ind2=" ">
    <subfield code="a">SEG26</subfield>
  </datafield>
  <datafield tag="526" ind1=" " ind2=" ">
    <subfield code="a">P151</subfield>
  </datafield>
  <datafield tag="526" ind1=" " ind2=" ">
    <subfield code="a">P150</subfield>
  </datafield>
  <datafield tag="526" ind1=" " ind2=" ">
    <subfield code="a">P149</subfield>
  </datafield>
  <datafield tag="526" ind1=" " ind2=" ">
    <subfield code="a">P146</subfield>
  </datafield>
  <datafield tag="526" ind1=" " ind2=" ">
    <subfield code="a">P145</subfield>
  </datafield>
  <datafield tag="526" ind1=" " ind2=" ">
    <subfield code="a">P126</subfield>
  </datafield>
  <datafield tag="526" ind1=" " ind2=" ">
    <subfield code="a">P125</subfield>
  </datafield>
  <datafield tag="526" ind1=" " ind2=" ">
    <subfield code="a">P92</subfield>
  </datafield>
  <datafield tag="526" ind1=" " ind2=" ">
    <subfield code="a">P75</subfield>
  </datafield>
  <datafield tag="526" ind1=" " ind2=" ">
    <subfield code="a">P74</subfield>
  </datafield>
  <datafield tag="526" ind1=" " ind2=" ">
    <subfield code="a">P27</subfield>
  </datafield>
  <datafield tag="526" ind1=" " ind2=" ">
    <subfield code="a">P15</subfield>
  </datafield>
  <datafield tag="650" ind1="0" ind2="4">
    <subfield code="a">Dise&#xF1;o de p&#xE1;ginas web</subfield>
    <subfield code="x">Seguridad iform&#xE1;tica.</subfield>
  </datafield>
  <datafield tag="596" ind1=" " ind2=" ">
    <subfield code="a">1</subfield>
  </datafield>
  <datafield tag="942" ind1=" " ind2=" ">
    <subfield code="2">ddc</subfield>
    <subfield code="c">TESIS</subfield>
  </datafield>
  <datafield tag="999" ind1=" " ind2=" ">
    <subfield code="a">TIS 3 S91 2014</subfield>
    <subfield code="w">ALPHANUM</subfield>
    <subfield code="c">7454</subfield>
    <subfield code="i">T01668</subfield>
    <subfield code="l">CCODEBUL3</subfield>
    <subfield code="m">BUL</subfield>
    <subfield code="r">1</subfield>
    <subfield code="s">Y</subfield>
    <subfield code="t">TESIS</subfield>
    <subfield code="u">2015-10-2</subfield>
    <subfield code="x">POSGRADO</subfield>
    <subfield code="P">P74</subfield>
    <subfield code="o">.STAFF. Tesis</subfield>
    <subfield code="d">7454</subfield>
  </datafield>
  <datafield tag="980" ind1=" " ind2=" ">
    <subfield code="8">1</subfield>
    <subfield code="g">ALBERTO SANCHEZ Responsable de Automatizaci&#xF3;n</subfield>
  </datafield>
  <datafield tag="952" ind1=" " ind2=" ">
    <subfield code="r">2022-07-06 00:00:00</subfield>
    <subfield code="l">0</subfield>
    <subfield code="o">TIS 3 S91 2014</subfield>
    <subfield code="p">T01668</subfield>
    <subfield code="t">e1</subfield>
    <subfield code="w">2015-10-02</subfield>
    <subfield code="x">PG</subfield>
    <subfield code="y">TESIS</subfield>
    <subfield code="z">Este &#xCD;tem NO se presta por ser Ejemplar #1.</subfield>
    <subfield code="1">0</subfield>
    <subfield code="2">ddc</subfield>
    <subfield code="7">1</subfield>
    <subfield code="8">TESIS</subfield>
    <subfield code="f">P74</subfield>
    <subfield code="a">BUL</subfield>
    <subfield code="b">BUL</subfield>
    <subfield code="c">TESIS</subfield>
    <subfield code="d">2015-10-02</subfield>
  </datafield>
</record>
